| 000 | 00581nam a22001817a 4500 | ||
|---|---|---|---|
| 003 | PILC | ||
| 005 | 20231011154054.0 | ||
| 008 | 231011b |||||||| |||| 00| 0 eng d | ||
| 010 | _aAcc#47688 | ||
| 020 | _a0877845670 | ||
| 040 | _cPhilippine Baptist Theological Seminary | ||
| 050 |
_aBT 810.2 _bP91 1986 |
||
| 245 | _aPredestination & freewill : four views f divine sovereignty & human freedom by / | ||
| 264 |
_aUnited States of America : _bInter Varsity Press, _c©1986. |
||
| 300 |
_a179 pages ; _c16cm. |
||
| 501 | _aIncludes bibliographical references | ||
| 942 |
_2lcc _cCB |
||
| 999 |
_c73877 _d73877 |
||